000 005490000a22002050004500
999 _c49199
_d49199
001 2049
003 CO-MdFUSB
005 20180226174215.0
008 180226b xxu||||| |||| 00| 0 eng d
020 _a970-607-866-5
040 _cCO-MdBIC
082 0 4 _a863C H37or
100 1 _aVédere, Pascale
245 1 0 _aPor la orilla del rio / ilustraciones Philppe Salember , textos de Pascale Védere d`Auria
260 _aMéxico : Hemma ediciones
300 _a[16 P.]
500 _aA partir de los 3 años
650 1 4 _aAnimales
942 _cLGB